000 00569nam a2200193 a 4500
001 000032483
005 20240412074256.0
008 110718t1908 dr 001 p spa d
040 _aDO-SdBNP
_bspa
_cBNPHU
082 _aRD861.3
_bL864p
100 1 _aLópez, Rafael María
_938266
245 1 0 _aPara lo que vive /
_cRafael María López.
260 _aSanto Domingo :
_bImp. Palau,
_c1908.
300 _axliv p. ;
_c22 cm.
650 0 _aPoesía dominicana
_966
650 0 _aLiteratura dominicana.
_967
910 _aValidado. Control de calidad EMS.
049 _aBNPD
999 _c31974
_d31974